Evaluación del impacto de Índice de Regularidad Internacional (IRI) sobre las emisiones de dióxido de Carbono, niveles de ruido y material particulado producidos por el tránsito vehicular en carreteras en la Gran Área Metropolitana de Costa Rica
Guardat en:
| Autor principal: | |
|---|---|
| Altres autors: | |
| Format: | Desconegut |
| Idioma: | Spanish |
| Publicat: |
[San José ], Costa Rica
2020
|
| Matèries: |
EMISIONES DE GASES - METODOS ESTADISTICOS - GRAN AREA METROPOLITANA (COSTA RICA) - EVALUACION
> CONTAMINACION DEL AIRE - MEDICIONES - GRAN AREA METROPOLITANA (COSTA RICA)
> GASES DE ESCAPE EN AUTOMOVILES - MEDICIONES - GRAN AREA METROPOLITANA (COSTA RICA)
> RUIDO POR TRAFICO - MEDICIONES - GRAN AREA METROPOLITANA (COSTA RICA)
> MITIGACION DEL DIOXIDO DE CARBONO - GRAN AREA METROPOLITANA (COSTA RICA)
> INDICE DE REGULARIDAD INTERNACIONAL
|
| Etiquetes: |
Afegir etiqueta
Sense etiquetes, Sigues el primer a etiquetar aquest registre!
|
MARC
| LEADER | 00000 a2200000 4500 | ||
|---|---|---|---|
| 003 | 013185 | ||
| 005 | 20230310090242.0 | ||
| 008 | 140114s2020 cr a 000 ||spa d | ||
| 040 | |c cru CEDI | ||
| 100 | |a Sandoval Solís, Jesús Andrés, 1990- |9 176 | ||
| 245 | |a Evaluación del impacto de Índice de Regularidad Internacional (IRI) sobre las emisiones de dióxido de Carbono, niveles de ruido y material particulado producidos por el tránsito vehicular en carreteras en la Gran Área Metropolitana de Costa Rica | ||
| 260 | |a [San José ], Costa Rica |c 2020 | ||
| 500 | |a Proyecto de graduación (licenciatura en ingeniería civil)--Universidad de Costa Rica. Facultad de Ingeniería. Escuela de Ingeniería Civil. | ||
| 501 | |a Director de Proyecto de Graduación: Ing. José Pablo Aguiar Moya, PhD. | ||
| 650 | |x EMISIONES DE GASES - METODOS ESTADISTICOS - GRAN AREA METROPOLITANA (COSTA RICA) - EVALUACION |x CONTAMINACION DEL AIRE - MEDICIONES - GRAN AREA METROPOLITANA (COSTA RICA) |x GASES DE ESCAPE EN AUTOMOVILES - MEDICIONES - GRAN AREA METROPOLITANA (COSTA RICA) |x RUIDO POR TRAFICO - MEDICIONES - GRAN AREA METROPOLITANA (COSTA RICA) |x MITIGACION DEL DIOXIDO DE CARBONO - GRAN AREA METROPOLITANA (COSTA RICA) |x INDICE DE REGULARIDAD INTERNACIONAL | ||
| 700 | |a Aguiar Moya, José Pablo, 1981- |d Director del TFG |9 135 | ||
| 942 | |c CEDI |h TFG 8335 |6 TFG_8335_000000000000000 | ||
| 999 | |c 13005 |d 13005 | ||
